Refugees : (Record no. 58806)
[ view plain ]
| 000 -LEADER | |
|---|---|
| fixed length control field | 00602nam a2200217 a 4500 |
| 001 - CONTROL NUMBER | |
| control field | 58806 |
| 003 - CONTROL NUMBER IDENTIFIER | |
| rucl marc code | BD-RjUL |
| 005 - DATE AND TIME OF LATEST TRANSACTION | |
| control field | 20211209080647.0 |
| 008 - FIXED-LENGTH DATA ELEMENTS--GENERAL INFORMATION | |
| fixed length control field | 880318s1987 enk 000 1 eng d |
| 020 ## - INTERNATIONAL STANDARD BOOK NUMBER | |
| International Standard Book Number | 0727815059 |
| 035 ## - SYSTEM CONTROL NUMBER | |
| System control number | (BD-RjUL)58930 |
| 040 ## - CATALOGING SOURCE | |
| Original cataloging agency | BD-RjUL |
| Language of cataloging | eng |
| Transcribing agency | BD-RjUL |
| 041 ## - LANGUAGE CODE | |
| Language code of text/sound track or separate title | eng |
| 082 ## - DEWEY DECIMAL CLASSIFICATION NUMBER | |
| Classification number | 305.906914 |
| Edition number | 23 |
| Author mark and year | CHR 1961 |
| 100 1# - MAIN ENTRY--PERSONAL NAME | |
| Personal name | Christopher, Diana. |
| 9 (RLIN) | 174827 |
| 245 10 - TITLE STATEMENT | |
| Title | Refugees : |
| Remainder of title | a study in changing attitudes / |
| Statement of responsibility, etc. | by Diana Christopher |
| 260 ## - PUBLICATION, DISTRIBUTION, ETC. (IMPRINT) | |
| Place of publication, distribution, etc. | London : |
| Name of publisher, distributor, etc. | Severn House, |
| Date of publication, distribution, etc. | 1987 |
| 300 ## - PHYSICAL DESCRIPTION | |
| Pagination | 444 p. ; |
| Size | 23 cm |
| 650 ## - SUBJECT ADDED ENTRY--TOPICAL TERM | |
| Topical term or geographic name as entry element | Refugees |
| Geographic subdivision | India |
| 9 (RLIN) | 177116 |
| 942 ## - ADDED ENTRY ELEMENTS (KOHA) | |
| Source of classification or shelving scheme | Dewey Decimal Classification |
| Koha item type | Books |
| Lost status | Source of classification or shelving scheme | Damaged status | Not for loan | Collection code | Permanent Location | Current Location | Shelving location | Date acquired | Total Checkouts | Full call number | Date last seen | Copy number | Koha item type |
|---|---|---|---|---|---|---|---|---|---|---|---|---|---|
| Dewey Decimal Classification | Not For Loan | Non-fiction | Central Library, University of Rajshahi | Central Library, University of Rajshahi | Reading Room | 02/07/1988 | 305.906914 CHR 1961 | 19/12/2016 | C-1 | Books |